000 00714cam a2200229 a 4500
001 000015746
005 20200929164134.0
008 930920s1990 sp b 001 0 spa d
020 _a8477310505
040 _aDO-SdBNP
_bspa
_cLC
_dBNPHU
050 0 4 _aPQ6663.O366
_bM43 1990
082 _ann*
_bM722m
100 1 _aMolina, César Antonio.
_913688
245 1 0 _aMedio siglo de prensa literaria española (1900-1950) /
_cCésar Antonio Molina.
260 _aMadrid :
_bEndymion,
_c[1990].
300 _a393 p. ;
_c21 cm.
490 1 _aTextos Universitarios
651 0 _aSpain
_xHistory
_y20th century.
_935429
830 0 _aTextos Universitarios
_91147
910 _aCatalogación por copia / LC
049 _aBNGR
999 _c15296
_d15296